William Clark papers, (Record no. 42703)

MARC details
000 -LEADER
fixed length control field 01114cpcaa2200301 4500
001 - CONTROL NUMBER
control field mm 80003721
003 - CONTROL NUMBER IDENTIFIER
control field DLC
005 - DATE AND TIME OF LATEST TRANSACTION
control field 20260227111702.0
008 - FIXED-LENGTH DATA ELEMENTS--GENERAL INFORMATION
fixed length control field 800304|||||||||||| eng
010 ## - LIBRARY OF CONGRESS CONTROL NUMBER
LC control number mm 80003721
040 ## - CATALOGING SOURCE
Original cataloging agency DLC
Transcribing agency DLC
Description conventions dacs
Modifying agency DLC
072 #7 - SUBJECT CATEGORY CODE
Subject category code N
Source lcmd
100 1# - MAIN ENTRY--PERSONAL NAME
Personal name Clark, William,
Dates associated with a name 1774-1851.
245 00 - TITLE STATEMENT
Title William Clark papers,
Inclusive dates 1812-1856.
300 ## - PHYSICAL DESCRIPTION
Extent 50
Type of unit items.
506 0# - RESTRICTIONS ON ACCESS NOTE
Terms governing access Open to research.
533 ## - REPRODUCTION NOTE
Type of reproduction In part, handwritten transcripts.
Place of reproduction [S.l.].
545 0# - BIOGRAPHICAL OR HISTORICAL DATA
Biographical or historical data U.S. representative of Pennsylvania, U.S. secretary of the treasury, army officer, jurist, and farmer.
546 ## - LANGUAGE NOTE
Language note Collection material in English.
580 ## - LINKING ENTRY COMPLEXITY NOTE
Linking entry complexity note Forms part of: Miscellaneous Manuscripts collection.
656 #7 - INDEX TERM--OCCUPATION
Occupation Army officers.
Source of term itoamc
656 #7 - INDEX TERM--OCCUPATION
Occupation Cabinet officers.
Source of term itoamc
656 #7 - INDEX TERM--OCCUPATION
Occupation Farmers.
Source of term itoamc
656 #7 - INDEX TERM--OCCUPATION
Occupation Jurists.
Source of term itoamc
656 #7 - INDEX TERM--OCCUPATION
Occupation Representatives, U.S. Congress
Geographic subdivision Pennsylvania.
Source of term itoamc

No items available.

Powered by Koha